Chansons de Daft Punk (Sudden Death) - Statistiques

Statistiques générales
  • Ce quiz a été pris 129 fois
  • Le résultat moyen est 4 sur 21
Answers on the Grid
Answers color-coded by a green-red scale on the quiz's grid according to % correct below.
Get Lucky
Fragments on Time
On / Off
Human after All
The Brainwasher
D.A.N.C.E.
Electric Life
Television
Aerodynamite
One More Time
Heroes
Little Dolls
Something for Us
Face to Face
Solar Sailer
Revolution 909
Fresh
Indo Silver Club
Numeric Love
The Prime Time of Your Life
End of Line
Derezzed
Moroder by Giorgio
The Game of Love
Close Circuit
Beyond
Forget About the World
Fire
Genesis
Midnight City
Aerodynamic
Nightcall
Veridis Quo
Voyager
High Life
DayVision
 
Statistiques - réponses
Réponse % Correct
Get Lucky
95%
One More Time
47%
Human after All
30%
Veridis Quo
25%
Aerodynamite
18%
Aerodynamic
15%
On / Off
15%
Revolution 909
15%
Voyager
15%
Face to Face
12%
The Brainwasher
10%
Beyond
8%
End of Line
8%
Fresh
8%
The Game of Love
8%
High Life
7%
Indo Silver Club
7%
The Prime Time of Your Life
7%
Derezzed
5%
Solar Sailer
3%
Forget About the World
0%
Aucun quiz correspondant
Distribution des résultats
% des personnes avec chaque résultat
Percentile par nombre de réponses
Votre historique - résultats
Vous n’avez pas pris ce quiz